000 02399cam a22003134a 4500
001 17099714
003 ARRUPE
005 20150818020028.0
008 111228s2012 ncu b 001 0 eng
010 _a 2011053301
020 _a9780822352563 (cloth : alk. paper)
020 _a9780822352754 (pbk. : alk. paper)
040 _aNcD/DLC
_cNcD
042 _apcc
050 0 0 _aB2430.B43
_bB426 2012
082 0 0 _a194
_223
245 0 0 _aBergson, politics, and religion /
_cAlexandre Lefebvre and Melanie White, editors.
260 _aDurham :
_bDuke University Press,
_c2012.
300 _avi, 337 p. ;
_c24 cm.
504 _aIncludes bibliographical references and index.
505 0 _aThe closed and the open in the two sources of morality and religion : a distinction that changes everything / Frédéric Worms -- Bergson, the void, and the politics of life / Suzanne Guerlac -- Equally circular : Bergson and the vague inventions of politics / John Mullarkey -- The art of the future / Claire Colebrook -- Bergson as philosopher of war and theorist of the political / Philippe Soulez -- Anarchy and analogy : the violence of language in Bergson and Sorel / Hisashi Fujita -- Asceticism and sexuality : "cheating nature" in Bergson's The two sources of morality and religion / Leonard Lawlor -- Creative freedom : Henri Bergson and democratic theory / Paulina Ochoa Espejo -- Bergson's critique of practical reason / Carl Power -- Bergson and human rights / Alexandre Lefebvre -- Bergson and Judaism / Vladimir Jankélévitch-- Bergson and Nietzsche on religion : critique, immanence, and affirmation / Keith Ansell-Pearson and Jim Urpeth -- Assurance and confidence in the two sources of morality and religion: a sociological interpretation of the distinction between static religion and dynamic religion / Frédéric Keck -- Tuning into other worlds : Henri Bergson and the radio reception theory of consciousness / G. William Barnard -- James, Bergson, and an open universe / Paola Marrati.
600 1 0 _aBergson, Henri,
_d1859-1941
_xPolitical and social views.
_910584
600 1 0 _aBergson, Henri,
_d1859-1941
_xReligion.
_910585
700 1 _aLefebvre, Alexandre,
_d1979-
_910586
700 1 _aWhite, Melanie Allison,
_d1970-
_910587
906 _a7
_bcbc
_corignew
_d1
_eecip
_f20
_gy-gencatlg
942 _2lcc
_cMONOGRAPH
_01
999 _c120611
_d120611